Smallest Capital City Per Continent - Statistics

General Stats
  • This quiz has been taken 42 times
    12 since last reset
  • The average score is 23 of 30
Answer Stats
Continent Country % Correct
Europe Andorra La Vella
100%
Europe San Marino
100%
Europe Vaduz
100%
Europe Vatican City
100%
Africa Banjul
90%
South America Georgetown
90%
South America La Paz
90%
South America Paramaribo
90%
North America St Johns
90%
Europe Valletta
90%
Oceania Yaren
90%
South America Asuncion
80%
North America Basseterre
80%
Oceania Ngerulmud
80%
Africa Sao Tome
80%
Africa Victoria
80%
Asia Bandar Seri Begawan
70%
North America Belmopan
70%
Oceania Funafuti
70%
Oceania Palikir
70%
North America Roseau
70%
North America St Georges
70%
Asia Dili
60%
Asia Manama
60%
South America Montevideo
60%
Africa Moroni
60%
Oceania Nukualofa
60%
Asia Thimphu
50%
Africa Mbabane
40%
Asia Colombo
30%
No matching quizzes found
Score Distribution
Percent of People with Each Score
Percentile by Number Answered
Your Score History
You have not taken this quiz since the last reset